00525nam a2200193Ia 4500001000700000003000500007008004100012010001100053020001900064040000900083082001700092100001900109245007400128260003700202300001200239503000800251650003900259650003300298Z_5866CHAP220113s2=00 xx 000 0 und d a169074 a84-205-30502-8 cCHAP a001.6424 C6y aCowart, Robert aMicrosoft Windows XP home edition /cRobert Cowart and Brian Knittel aMadrid :b Prentice Hall,c2002 a1167 p. ac/e aSistemas operativos (Computadoras) aWindows (Sistema operativo)